World Capitals A-Z on a Map Quiz Stats

Quiz Updated Oct 11, 2015

Challenge
Share
Tweet
Score 0/24 Timer 04:00
0 Plays Today
% Correct
Dublin
97%
Canberra
93.9%
Mexico City
93.5%
Brasilia
93.3%
Lisbon
92.8%
Ottawa
90.8%
Jakarta
87.9%
Athens
86%
Havana
85%
Warsaw
84.4%
Santiago
84.3%
Quito
81.3%
% Correct
Islamabad
78.4%
Pyongyang
78.1%
Nairobi
75.5%
Zagreb
72.4%
Riyadh
71%
Kathmandu
66.7%
Ulaanbaatar
65.4%
Tashkent
50.8%
Vientiane
47.4%
Gaborone
40.6%
Yaounde
40%
Funafuti
38.3%

You're not logged in!

Compare scores with friends on all Sporcle quizzes.
Join for Free
OR
Log In

You Might Also Like...

Show Comments

Extras

Top Quizzes Today


Score Distribution

Your Account Isn't Verified!

In order to create a playlist on Sporcle, you need to verify the email address you used during registration. Go to your Sporcle Settings to finish the process.

Report this User

Report this user for behavior that violates our Community Guidelines.

Details: